Nonverbálna komunikácia v čase pandémie (1.)

Efektívne nástroje zvládania nových typov komunikácie. Efektívna komunikácia a prezenčné schopnosti. Gestika a jej posilnenie v komunikácii v čase pandémie.

Gespeichert in:
Bibliographische Detailangaben
1. Verfasser: Soroková, Tatiana
Format: Buchkapitel
Sprache:Slowakisch
Schlagworte:
Tags: Tag hinzufügen
Keine Tags, Fügen Sie das erste Tag hinzu!

MARC

LEADER 00000naa a2200000 4500
001 0270538
005 20201209160144.4
041 0 |a slo 
044 |a SK 
245 1 0 |a Nonverbálna komunikácia v čase pandémie (1.)  |c Tatiana Soroková 
520 |a Efektívne nástroje zvládania nových typov komunikácie. Efektívna komunikácia a prezenčné schopnosti. Gestika a jej posilnenie v komunikácii v čase pandémie. 
610 2 0 |a komunikácia 
610 2 0 |a komunikácia neverbálna 
610 2 0 |a efektívnosť 
610 2 0 |a prezentácia 
610 2 0 |a pandémia 
100 1 |a Soroková, Tatiana